[Event "Liga Insular Gran Canaria 3a"]
[Site "Las Palmas"]
[Date "2019.04.06"]
[Round "5.1"]
[White "Farina Vidal, Adrian"]
[Black "Acosta Quintana, Maximino"]
[Result "1/2-1/2"]
[WhiteElo "1321"]
[BlackElo "1608"]
[PlyCount "120"]
[EventDate "2019.03.02"]
[EventType "team-tourn"]
[EventRounds "9"]
[EventCountry "ESP"]
[SourceTitle "EXT 2021"]
[Source "ChessBase"]
[SourceDate "2020.10.23"]
[SourceVersion "1"]
[SourceVersionDate "2020.10.23"]
[SourceQuality "1"]
[WhiteTeam "Hotel Avda de Canarias VI"]
[BlackTeam "Aguas de Teror"]
[WhiteTeamCountry "ESP"]
[BlackTeamCountry "ESP"]

1. e4 e5 2. f4 exf4 3. d3 Nc6 4. Bxf4 Nf6 5. Nf3 d6 6. Be2 Be7 7. 0-0 0-0 8. Nbd2 Bg4 9. c3 a6 10. d4 d5 11. e5 Ne4 12. Nxe4 dxe4 13. Nd2 Bf5 14. Bg4 Bg6 15. Qe2 f5 16. exf6 gxf6 17. Be6+ Kh8 18. Nxe4 f5 19. Ng3 Bh4 20. d5 Ne7 21. Qd3 c6 22. Qd4+ Bf6 23. Be5 Nxd5 24. Bxd5 cxd5 25. Bxf6+ Qxf6 26. Qxd5 b5 27. Rf4 Rad8 28. Qf3 Qd6 29. Kh1 Qe6 30. Qf2 Rf6 31. Rf1 Rd5 32. h3 Kg7 33. Ne2 Qe5 34. Nd4 Rdd6 35. Nxf5+ Bxf5 36. Rxf5 Rxf5 37. Qxf5 Qxf5 38. Rxf5 Rd2 39. a4 Rxb2 40. axb5 axb5 41. Rc5 Rb3 42. Kh2 b4 43. cxb4 Rxb4 44. Kg3 h6 45. Rc6 Ra4 46. Kf3 Ra3+ 47. Kg4 Ra4+ 48. Kh5 Ra5+ 49. Kh4 Rg5 50. g4 Re5 51. Rc3 Rd5 52. Rf3 Kg6 53. Kg3 h5 54. Re3 hxg4 55. hxg4 Kg5 56. Rc3 Rb5 57. Kf3 Rd5 58. Ke4 Ra5 59. Rg3 Ra4+ 60. Kf3 Rf4+ 1/2-1/2

[Event "Las Palmas Montalvo Memorial 11th"]
[Site "Las Palmas"]
[Date "2018.03.27"]
[Round "5"]
[White "Diaz Bordon, Henry"]
[Black "Farina Vidal, Adrian"]
[Result "0-1"]
[WhiteElo "1137"]
[BlackElo "1342"]
[PlyCount "108"]
[EventDate "2018.03.24"]
[EventType "swiss"]
[EventRounds "9"]
[EventCountry "ESP"]
[SourceTitle "CBM 183 Extra"]
[Source "ChessBase"]
[SourceDate "2018.04.19"]
[SourceVersion "1"]
[SourceVersionDate "2018.04.19"]
[SourceQuality "1"]

1. e4 e5 2. Nf3 Nf6 3. Nc3 Nc6 4. g3 Bb4 5. Bg2 d6 6. d3 Bg4 7. Bg5 h6 8. Be3 Be6 9. a3 Ba5 10. h3 Qd7 11. Qd2 Ne7 12. b4 Bb6 13. d4 exd4 14. Nxd4 Bxd4 15. Qxd4 Ng6 16. Qd1 0-0 17. 0-0 Bxh3 18. Bxh3 Qxh3 19. Qf3 Rfe8 20. Qg2 Qxg2+ 21. Kxg2 Nxe4 22. Nxe4 Rxe4 23. f3 Rc4 24. Rfc1 Ne5 25. Kf2 Rc3 26. Ra2 Re8 27. Re1 g5 28. g4 Kg7 29. Bd4 Rxf3+ 30. Kg2 Kg6 31. Bxe5 Rf1 32. Kxf1 dxe5 33. c4 f5 34. gxf5+ Kxf5 35. Rf2+ Kg6 36. Rd2 Re7 37. Rd4 Rf7+ 38. Kg1 exd4 39. Rd1 Rd7 40. Kf2 h5 41. Kf3 g4+ 42. Ke4 Kg5 43. Rxd4 Rxd4+ 44. Kxd4 h4 45. Kd5 h3 46. c5 h2 47. c6 h1Q+ 48. Kd4 Qxc6 49. Ke3 g3 50. Ke2 Kf4 51. Kf1 Qe4 52. Kg1 Qe2 53. Kh1 Qf2 54. a4 a5 0-1

[Event "Las Palmas Insular-chT Segunda 1718"]
[Site "Las Palmas"]
[Date "2018.03.10"]
[Round "9.1"]
[White "Farina Vidal, Adrian"]
[Black "Fernandez Arce, Aketza"]
[Result "1-0"]
[WhiteElo "1342"]
[BlackElo "1654"]
[PlyCount "125"]
[EventDate "2017.10.28"]
[EventType "team-swiss"]
[EventRounds "9"]
[EventCountry "ESP"]
[SourceTitle "EXT 2021"]
[Source "ChessBase"]
[SourceDate "2020.10.23"]
[SourceVersion "1"]
[SourceVersionDate "2020.10.23"]
[SourceQuality "1"]
[WhiteTeam "Hotel Avda de Canarias V"]
[BlackTeam "Grandama IV"]
[WhiteTeamCountry "ESP"]
[BlackTeamCountry "ESP"]

1. e4 Nf6 2. Nc3 d5 3. f3 e5 4. d4 dxe4 5. dxe5 Nfd7 6. fxe4 Bb4 7. Bd2 Bxc3 8. Bxc3 Qh4+ 9. g3 Qxe4+ 10. Qe2 Qxh1 11. Nf3 b6 12. 0-0-0 Bb7 13. Bg2 Bxf3 14. Bxf3 Qxd1+ 15. Qxd1 c6 16. Qh1 0-0 17. Qd1 Re8 18. Qe2 Nxe5 19. Bxe5 Nd7 20. Bxc6 Rxe5 21. Qd3 Rd8 22. Qd6 Re1+ 23. Kd2 Re6 24. Qc7 Rxc6 25. Qxd8+ Nf8 26. Qa8 Rd6+ 27. Kc3 a5 28. Qb8 Rc6+ 29. Kb3 g6 30. Qb7 Re6 31. c4 Kg7 32. Ka3 Rd6 33. Qc7 Rd3+ 34. b3 Nd7 35. c5 bxc5 36. Qxa5 Rd1 37. Kb2 Rh1 38. Qc3+ Kg8 39. Qd2 Nf6 40. h4 Rf1 41. a4 Ne4 42. Qd8+ Kg7 43. Qd3 Rf2+ 44. Ka3 Nd2 45. a5 f6 46. a6 c4 47. Qd7+ Kh6 48. bxc4 Nxc4+ 49. Kb3 Nb6 50. Qc6 Rf1 51. a7 Ra1 52. Qxb6 Rb1+ 53. Kc3 Rxb6 54. a8Q Re6 55. Qf3 Ra6 56. Qe3+ g5 57. hxg5+ fxg5 58. Kd4 Ra8 59. Qe6+ Kh5 60. Qf7+ Kh6 61. Qf6+ Kh5 62. Qf3+ g4 63. Qxa8 1-0